00000000cam 2200000zi 4500
0019.958165
003CaOODSP
00520251215131430
006m     o  d f      
007cr cn|||||||||
008251211e202512##onca    ob   f000 0 fre d
040 |aCaOODSP|bfre|erda|cCaOODSP
043 |an-cn---
0861 |aYC32-0/451-1F-PDF
1101 |aCanada. |bParlement. |bSénat. |bComité sénatorial permanent des droits de la personne, |eauteur, |eorganisme de publication.
24510|aRien à célébrer : |bla crise des jeunes qui vieillissent hors du système de protection de l'enfance : rapport du Comité sénatorial permanent des droits de la personne / |cl'honorable Paulette Senior, présidente ; l'honorable Wanda Thomas Bernard, vice-présidente.
24617|aRien à célébrer : |bla crise des jeunes qui vieillissent hors du système de protection de l'enfance
264 1|aOttawa (Ontario) Canada : |bSénat, Canada = Senate, Canada, |cdécembre 2025.
300 |a1 ressource en ligne (60 pages) : |billustrations en couleur.
336 |atexte|btxt|2rdacontent/fre
337 |ainformatique|bc|2rdamedia/fre
338 |aressource en ligne|bcr|2rdacarrier/fre
4901 |aRapport du Comité sénatorial permanent des droits de la personne ; |v[1er rapport, 45e législature, 1re session]
500 |aPublié aussi en anglais sous le titre : Nothing to celebrate: the crisis of youth aging out of care: report of the Standing Senate Committee on Human Rights.
500 |aTitre de la couverture.
504 |aComprend des références bibliographiques.
650 6|aEnfants|xDroits|zCanada.
650 6|aJeunesse|xDroits|zCanada.
650 6|aProtection de l'enfance|zCanada.
650 6|aProtection de la jeunesse|zCanada.
650 6|aJeunesse|xServices|zCanada.
650 6|aService social à la jeunesse|zCanada.
7001 |aSenior, Paulette.
7001 |aBernard, Wanda Thomas.
77508|tNothing to celebrate : |w(CaOODSP)9.958156
830#0|aRapport du Comité sénatorial permanent des droits de la personne ;|v1er rapport, 45e législature, 1re session.|w(CaOODSP)9.501651
85640|qPDF|s1.95 Mo|uhttps://publications.gc.ca/collections/collection_2025/sen/yc32-0/YC32-0-451-1-fra.pdf